Kliknij państwa Europy na mapie według flagi - Statystyki

Ogólne statystyki
  • Ten quiz został rozwiązany 139 razy
  • Średni wynik to 35 z 45
Odpowiedzi na mapie
Odpowiedzi zakodowano w zielono-czerwonej skali na mapie do tego quizu, zgodnie z poniższymi procentami.
 
Statystyki odpowiedzi
Odpowiedź % Poprawnych
85%
85%
85%
84%
84%
84%
82%
82%
82%
82%
82%
82%
82%
82%
81%
81%
81%
81%
81%
81%
79%
79%
79%
78%
78%
78%
76%
76%
76%
76%
76%
76%
75%
75%
75%
73%
73%
70%
69%
69%
67%
66%
66%
64%
57%
Nie znaleziono quizów pasujących do podanych kryteriów
Rozkład punktacji
Procent ludzi z każdym wynikiem
Percentyl według liczby udzielonych odpowiedzi
Twoja historia wyników
Nie rozwiązałeś tego quizu